000
00354nam a2200157Ia 4500
008
100122s9999 xx 000 0 und d
082
_b
73730
_a
B823
100
_a
DALTON ANNIE
245
_a
WINGING IT
250
_a
1
260
_b
HARPER COLINS PUBLISHERS
_c
2001
300
_a
128
630
_a
WINGING IT
730
_a
WINGING IT
942
_c
BOOK
999
_c
389714
_d
389711